000 00360nam a2200145Ia 4500
008 230312s9999||||xx |||||||||||||| ||und||
020 _a9789699739057
082 _a891.4
_bHER-T
100 _aہیرالڈلیم
245 0 _aتاریخِ سلطنتِ عثمانیہ
260 _bJamhori
_apak
_c2012
300 _a352
650 _aLiterature
942 _cBK
999 _c15023
_d15023